8. letná škola mikroelektroniky dni novej techniky

Enregistré dans:
Détails bibliographiques
Format: Livre
Langue:slovaque
Publié: Bratislava Dom techniky ČSVTS 1984
Tags: Ajouter un tag
Pas de tags, Soyez le premier à ajouter un tag!

MARC

LEADER 00000nam a2200000 4500
001 c113679
005 20171213152711.4
041 0 |a slo 
044 |a SK 
245 1 0 |a 8. letná škola mikroelektroniky  |b dni novej techniky 
264 1 |a Bratislava  |b Dom techniky ČSVTS  |c 1984 
300 |a 98 s.